000 00753cam a2200277 4500
001 J2236
008 090401t1994 xxu||||| |||| 00| 0 eng d
035 _a(Sirsi) u47884
041 _aeng
050 _a698.3
100 _aMiller, E.
245 _aWater-borne coatings for exterior wood.
260 _aGarston, Watford
_bBuilding Research Establishment
_c1994
300 _a(4)p. : ill. ; 30cm.
350 _a0
490 _aBRE Information Paper
_v4/94
520 _aReplaces IP 9/84.
650 _aEXTERIOR WOODWORK
650 _aPAINT
650 _aWATER-BORNE COATINGS
690 _aBUILT ENVIRONMENT-BUILDING MATERIALS
700 _aBoxall, J.
710 _aBuilding Research Establishment
942 _n0
948 _c04/03/1997
999 _c92237
_d92237